000 01093cam a2200337 i 4500
001 4474042
003 EG-ScBUE
005 20241007102631.0
008 960624t1997 txua fr 001 0 eng d
020 _a0030965780 (v. 1)
020 _a0030169771 (v. 2)
020 _a9780030965784 (v. 1)
020 _a9780030169779 (v. 2)
040 _aWMenURRS
_beng
_erda
_cWMenURRS
_dDLC
_dEG-ScBUE
082 0 4 _222
_a515
_bOST
100 1 _aOstebee, Arnold,
_eauthor.
245 1 0 _aCalculus from graphical, numerical, and symbolic points of view /
_cArnold Ostebee, St. Olaf College, Paul Zorn, St. Olaf College.
264 1 _aFort Worth :
_bSaunders College Publishing,
_c[1997]
264 4 _cc1997
300 _a2 volumes :
_billustrations ;
_c26 cm
336 _2rdacontent
_atext
_btxt
337 _aunmediated
_2rdamedia
_bn
338 _avolume
_bnc
_2rdacarrier
500 _aIncludes index.
500 _aIncludes Appendices.
505 0 _aVolume 1 -- Volume 2.
653 _bGGEN
_cMarch2018
655 _vReading book
700 1 _aZorn, Paul,
_d1951-
_eauthor.
942 _2ddc
_cBB
999 _c26339
_d26311